| 000 | 00491nam a22001697a 4500 | ||
|---|---|---|---|
| 999 |
_c4599 _d4599 |
||
| 003 | OSt | ||
| 005 | 20181210164708.0 | ||
| 008 | 181210b ||||| |||| 00| 0 eng d | ||
| 040 |
_bDLC _cDLC _dDLC |
||
| 082 |
_a248.32 _bD529M |
||
| 100 | _aDeyneka, Peter; | ||
| 245 |
_aMuch Prayer-Much Power! _bIncluding A Chapter on "How to Conduct Prayer Meetings" |
||
| 260 |
_aGrand Rapids, Michigan; _bZondervan Publishing House; _cc1962 |
||
| 300 |
_a89p.; _c20cm |
||
| 650 | _2Prayer | ||
| 942 |
_2ddc _cBK |
||